Now, Voyager /
Agobiada por la opresión que siente por su madre dominante, una mujer (Bette Davis) acude a un terapeuta que la invita a un viaje en barco por Sudamérica. En el recorrido conoce a un atractivo y misterioso hombre que la incita a emanciparse y a cuestionarse sus deseos de maternidad. Producida durant...
Gardado en:
| Autor Principal: | |
|---|---|
| Outros autores: | , , , , , , , , , , , , , , , , , , |
| Formato: | |
| Idioma: | inglés |
| Series: | (Criterion Collection ;
1004) |
| Temas: | |
| Etiquetas: |
Sen Etiquetas, Sexa o primeiro en etiquetar este rexistro!
|
MARC
| LEADER | 00000ngm^a2200000^a^4500 | ||
|---|---|---|---|
| 001 | 000432458 | ||
| 005 | 20251020000000.0 | ||
| 008 | 211011 20192019 | ||
| 009 | 20260310123015.873 | ||
| 020 | |a 978-1-68143-662-3 | ||
| 037 | |a Acervo ITESO - Biblioteca | ||
| 041 | |a ING | ||
| 082 | |a 808. 8 |b CRI V. 1004 | ||
| 100 | |a Rapper, Irving |e (realización) | ||
| 240 | 1 | 1 | |a [Lágrimas de antaño] |
| 240 | 1 | 5 | |a [The Dick Cavett Show] |
| 240 | 1 | 1 | |a [Lux Radio Theatre] |
| 245 | 1 | 0 | |a Now, Voyager / |c Realización de I. Rapper ; comentarios de J. Smith. |
| 246 | 2 | |a Título en México: Lágrimas de antaño | |
| 246 | 2 | |a Título en la cubierta: Now, Voyager | |
| 264 | 2 | |a Nueva York, EUA : |b Criterion Collection [distribución], |c 2019, c2019 | |
| 300 | |a 1 blu-ray región A (117, 31, 10, 53, 4, 45, 49 min.) : |b blanco y negro + |e 1 folleto (32 p.) | ||
| 336 | |a imagen móvil bidimensional |b tdi |2 rdacontenido | ||
| 337 | |a video |b v |2 rdamedio | ||
| 338 | |a videodisco |b vd |2 rdasoporte | ||
| 440 | 1 | |a (Criterion Collection ; |v 1004) | |
| 500 | |a Basado en: Now, Voyager, de Olive Higgins Prouty | ||
| 520 | |a Agobiada por la opresión que siente por su madre dominante, una mujer (Bette Davis) acude a un terapeuta que la invita a un viaje en barco por Sudamérica. En el recorrido conoce a un atractivo y misterioso hombre que la incita a emanciparse y a cuestionarse sus deseos de maternidad. Producida durante la Segunda Guerra Mundial, época en que predominaron los melodramas dirigidos al público femenino, la película es adaptación de la novela de la escritora Olive Higgins Prouty, cuya obra es conocida por la inclusión de la psicoterapia como canalizadora de las tramas emocionales de los personajes. | ||
| 546 | |a En inglés, con subtítulos opcionales: inglés | ||
| 649 | |a XX | ||
| 650 | |a Actores Norteamericanos | ||
| 650 | |a Actores Norteamericanos - |x Entrevistas | ||
| 650 | |a Diseñadores de Moda Norteamericanos | ||
| 650 | |a Madres en el Cine | ||
| 650 | |a Mujeres en el Cine | ||
| 650 | |a Melodramas | ||
| 650 | |a Dramas Cinematográficos | ||
| 650 | |a Cine en Blanco y Negro - |z EUA | ||
| 650 | |a Cine Norteamericano - |y 1940-1949 | ||
| 650 | |a Cine Norteamericano - |y Siglo XX | ||
| 650 | |a Cine Norteamericano - |x Historia y Crítica | ||
| 650 | |a Novela Norteamericana - |x Adaptaciones para Cine | ||
| 650 | |a Novela Norteamericana - |x Adaptaciones para Radio | ||
| 650 | |a Literatura Norteamericana - |y Siglo XX - |x Adaptaciones para Cine | ||
| 650 | |a Literatura Norteamericana - |y Siglo XX - |x Adaptaciones para Radio | ||
| 650 | |a Literatura y Cine | ||
| 650 | |a Radioteatro - |z EUA | ||
| 650 | |a Radio - |z EUA - |y 1940-1949 | ||
| 650 | |a Radio - |z EUA - |y Siglo XX | ||
| 650 | |a Televisión - |z EUA - |y 1970-1979 | ||
| 650 | |a Televisión - |z EUA - |y Siglo XX | ||
| 650 | |a Diseño de Moda - |z EUA - |x Historia | ||
| 650 | |a Relaciones Padres-Hijos | ||
| 650 | |a Maternidad | ||
| 650 | |a Amor | ||
| 650 | |a Soledad | ||
| 650 | |a Libertad | ||
| 650 | |a Salud Mental | ||
| 650 | |a Psicoterapia | ||
| 650 | |a Davis, Bette | ||
| 650 | |a Henreid, Paul | ||
| 650 | |a Orry-Kelly | ||
| 650 | |a Cavett, Dick | ||
| 650 | |a Smith, Jeff |e (comentarios) | ||
| 700 | |a Robinson, Casey |e (guión) | ||
| 700 | |a Polito, Sol |e (fotógrafo) | ||
| 700 | |a Orry-Kelly |e (vestuario) | ||
| 700 | |a Steiner, Max |e (música) | ||
| 700 | |a Davis, Bette |e (actuación) | ||
| 700 | |a Henreid, Paul |e (actuación) | ||
| 700 | |a Rains, Claude |e (actuación) | ||
| 700 | |a Pauker, Elizabeth |e (producción) | ||
| 700 | |a Nehme, Farran Smith |e (entrevista) | ||
| 700 | |a McQueen, Larry |e (entrevista) | ||
| 700 | |a Cavett, Dick |e (entrevista) | ||
| 700 | |a Brickman, Marshall |e (producción) | ||
| 700 | |a Lupino, Ida |e (voz) | ||
| 700 | |a Henreid, Paul |e (voz) | ||
| 700 | |a Davis, Bette |e (voz) | ||
| 700 | |a Peck, Gregory |e (voz) | ||
| 700 | |a Lux Radio Theatre |e (producción) | ||
| 700 | |a White, Patricia |e (texto del folleto) | ||
| 700 | |a Davis, Bette |e (texto del folleto) | ||
| 740 | 0 | |a Sailing Forth : |b Bette Davis and Now, Voyager / |c F.S. Nehme ; prod. de E. Pauker. | |
| 740 | 4 | |a The Costumes of Now, Voyager / |c L. McQueen ; prod. de E. Pauker. | |
| 740 | 4 | |a The Dick Cavett Show : |b November 17, 1971 / |c B. Davis ; entrevistada por D. Cavett ; prod. de M. Brickman. | |
| 740 | 0 | |a Now, Voyager : |b [radio play, 1943] / |c Prod. de Lux Radio Theatre. | |
| 740 | 0 | |a Now, Voyager : |b [radio play, 1946] / |c Prod. de Lux Radio Theatre. | |
| 740 | 0 | |a We Have the Stars / |c Texto del folleto de P. White. | |
| 740 | 4 | |a The Actress Plays Her Part / |c Texto del folleto de B. Davis. | |
| 910 | |a Fondo General | ||
| 920 | |a Audiovisuales - Blu-rays | ||
| 940 | |a Películas | ||
| 905 | |a 309 | ||
| 901 | |a 0500349802 |b IT2 |c BRR |i C172977 |u 20250521 | ||
| 901 | |a 0500349805 |b IT2 |c MIN |i C172978 |u 20251020 | ||
| 902 | |a https://opac.biblio.iteso.mx/vufind/Record/000432458 | ||